000 00809nam a22003010a 4500
001 PT52392
003 AR-LpoUNG
005 20210131231517.0
008 191001s2012||||ag |||||||||||||||||spa d
020 _a9789871512614
_c$3
040 _aAR-LpoUNG
_bspa
_cAR-LpoUNG
_eaacr
041 _aspa
044 _aag
082 0 _a808.068 3 531far
100 1 _aVerne, Julio
245 1 3 _aEl faro del fin del mundo
250 _a1§ ed.
260 _aBuenos Aires :
_bLibertador,
_c2012.
300 _a126 p. :
_bgráfs., tbls.
505 0 _aSugerido a partir de 14 años (etiqueta VERDE)
650 4 _aLITERATURA
650 4 _aNOVELAS
651 4 _aDOCUMENTOS TEORICOS O METODOLOGICOS
653 _aLITERATURA FRANCESA
653 _aLITERATURA INFANTOJUVENIL
905 _a52392
942 _cLIB
999 _c10430
_d10430